Statistiques concernant Les footballeurs ayant au moins 4 participations en CDM

Cliquez ici pour prendre le quiz!

Statistiques générales

  • Ce quiz a été pris 372 fois
  • Le résultat moyen est 19 sur 78

Statistiques - réponses

ParticipationsÉquipeAnnéesRéponse% Correct
5Portugal2006, 2010, 2014, 2018, 2022Cristiano Ronaldo
94%
5Argentine2006, 2010, 2014, 2018, 2022Lionel Messi
94%
4Brésil1994, 1998, 2002, 2006Ronaldo
92%
4Brésil1958, 1962, 1966, 1970Pelé
84%
4Allemagne2010, 2014, 2018, 2022Thomas Müller
77%
5Italie1998, 2002, 2006, 2010, 2014Gianluigi Buffon
70%
5Mexique2006, 2010, 2014, 2018, 2022Guillermo Ochoa
66%
4Espagne2006, 2010, 2014, 2018Andrés Iniesta
61%
4France2010, 2014, 2018, 2022Hugo Lloris
61%
4Uruguay2010, 2014, 2018, 2022Luis Suárez
61%
4Croatie2006, 2014, 2018, 2022Luka Modrić
57%
4Uruguay2010, 2014, 2018, 2022Edinson Cavani
56%
4Allemagne2010, 2014, 2018, 2022Manuel Neuer
56%
4Espagne2002, 2006, 2010, 2014Xavi
56%
4Espagne2006, 2010, 2014, 2018Sergio Ramos
50%
4France1998, 2002, 2006, 2010Thierry Henry
50%
4Italie1990, 1994, 1998, 2002Paolo Maldini
49%
4Portugal2010, 2014, 2018, 2022Pepe
47%
4Cameroun1998, 2002, 2010, 2014Samuel Eto'o
45%
4Brésil2010, 2014, 2018, 2022Thiago Silva
45%
4Allemagne2002, 2006, 2010, 2014Miroslav Klose
43%
4Argentine1982, 1986, 1990, 1994Diego Maradona
42%
4Espagne2010, 2014, 2018, 2022Sergio Busquets
42%
4Argentine2010, 2014, 2018, 2022Ángel Di María
41%
4Espagne2002, 2006, 2010, 2014Iker Casillas
41%
4Uruguay2010, 2014, 2018, 2022Diego Godín
39%
4Brésil1994, 1998, 2002, 2006Cafu
37%
5Allemagne1982, 1986, 1990, 1994, 1998Lothar Matthäus
33%
4Italie1998, 2002, 2006, 2010Fabio Cannavaro
32%
4Suisse2010, 2014, 2018, 2022Xherdan Shaqiri
29%
4Allemagne1994, 1998, 2002, 2006Oliver Kahn
28%
4Angleterre1958, 1962, 1966, 1970Bobby Charlton
24%
4Australie2006, 2010, 2014, 2018Tim Cahill
23%
4Argentine2006, 2010, 2014, 2018Javier Mascherano
22%
4Uruguay2010, 2014, 2018, 2022Fernando Muslera
21%
4Corée du Sud1990, 1994, 1998, 2002Hong Myung-bo
21%
5Mexique2002, 2006, 2010, 2014, 2018Rafael Márquez
21%
4Union soviétique1958, 1962, 1966, 1970Lev Yachine
18%
4Cameroun1994, 1998, 2002, 2010Rigobert Song
14%
5Mexique2006, 2010, 2014, 2018, 2022Andrés Guardado
13%
4Italie1970, 1974, 1978, 1982Dino Zoff
13%
4Uruguay2010, 2014, 2018, 2022Martín Cáceres
12%
4Espagne1990, 1994, 1998, 2002Fernando Hierro
10%
4Italie1962, 1966, 1970, 1974Gianni Rivera
7%
4Japon2010, 2014, 2018, 2022Yūto Nagatomo
7%
4Belgique1990, 1994, 1998, 2002Marc Wilmots
6%
4Belgique1986, 1990, 1994, 1998Enzo Scifo
5%
4Arabie saoudite1994, 1998, 2002, 2006Sami al-Jaber
5%
4Espagne1986, 1990, 1994, 1998Andoni Zubizarreta
3%
4Brésil1954, 1958, 1962, 1966Djalma Santos
3%
4Brésil1970, 1974, 1978, 1986Leão
3%
4Brésil1950, 1954, 1958, 1962Nílton Santos
3%
4Paraguay1998, 2002, 2006, 2010Denis Caniza
2%
4Espagne2006, 2010, 2014, 2018Pepe Reina
2%
4Allemagne de l'Ouest1966, 1970, 1974, 1978Sepp Maier
2%
4Allemagne de l'Ouest1958, 1962, 1966, 1970Uwe Seeler
2%
5Mexique1950, 1954, 1958, 1962, 1966Antonio Carbajal
1%
4États-Unis1994, 1998, 2002, 2006Claudio Reyna
1%
4États-Unis2002, 2006, 2010, 2014DaMarcus Beasley
1%
4Belgique1986, 1990, 1994, 1998Franky Van der Elst
1%
4Italie1982, 1986, 1990, 1998Giuseppe Bergomi
1%
4Mexique2010, 2014, 2018, 2022Héctor Moreno
1%
4Cameroun1990, 1994, 1998, 2002Jacques Songo'o
1%
4États-Unis1990, 1998, 2002, 2006Kasey Keller
1%
4Corée du Sud1994, 2002, 2006, 2010Lee Woon-jae
1%
4Suisse2006, 2010, 2014, 2018Valon Behrami
1%
4Brésil1950, 1954, 1958, 1962Carlos José Castilho
0%
4Bulgarie1962, 1966, 1970, 1974Dobromir Zhechev
0%
4Italie1962, 1966, 1970, 1974Enrico Albertosi
0%
4Corée du Sud1990, 1994, 1998, 2002Hwang Sun-hong
0%
4Écosse1982, 1986, 1990, 1998Jim Leighton
0%
4Allemagne de l'Ouest1958, 1962, 1966, 1970Karl-Heinz Schnellinger
0%
4Australie2006, 2010, 2014, 2018Mark Milligan
0%
4Arabie saoudite1994, 1998, 2002, 2006Mohammed al-Deayea
0%
4Uruguay1962, 1966, 1970, 1974Pedro Rocha
0%
4Japon1998, 2002, 2006, 2010Seigo Narazaki
0%
4Pologne1974, 1978, 1982, 1986Władysław Żmuda
0%
4Japon1998, 2002, 2006, 2010Yoshikatsu Kawaguchi
0%

Distribution des résultats

Percentile par nombre de réponses

% des personnes avec chaque résultat

Votre développement - résultats

Vous n’avez pas pris ce quiz